000
00380nam a22001577a 4500
003
MPLRDC
005
20220104144203.0
008
210129b ||||| |||| 00| 0 eng d
082
_a
783.1 SKBH-3
100
_a
不详
245
_a
山口百惠传奇
_c
260
_a
_b
大地文化事业公司
_c
300
_b
平
650
_a
日本名人传记
942
_c
BK
_o
783.1 SKBH-3
999
_c
47223
_d
47213